La danza de los espectros (Record no. 7591)

MARC details
000 -CABECERA
campo de control de longitud fija 01279nam a2200277 a 4500
001 - NÚMERO DE CONTROL
campo de control BRCA_7921
005 - FECHA Y HORA DE LA ÚLTIMA TRANSACCIÓN
campo de control 20190320210043.0
008 - DATOS DE LONGITUD FIJA--INFORMACIÓN GENERAL
campo de control de longitud fija 050314s2013----mx-o###f##---#001-0#spa-#
020 ## - NÚMERO INTERNACIONAL ESTÁNDAR DEL LIBRO
Número Internacional Estándar del Libro 9786079355012
041 ## - CÓDIGO DE LENGUA
Código de lengua del texto/banda sonora o título independiente spa
044 ## - CÓDIGO DEL PAÍS DE LA ENTIDAD EDITORA/PRODUCTORA
Código MARC del país mx
050 #4 - SIGNATURA TOPOGRÁFICA DE LA BIBLIOTECA DEL CONGRESO
Número de clasificación N5198
Número de documento/Ítem .D36 2013
245 10 - MENCIÓN DE TÍTULO
Título La danza de los espectros
Mención de responsabilidad, etc. coordinador del proyecto Gonzalo Ortega ; textos de Masayo Nonaka, Gonzalo Ortega ; traducción al inglés de Guillermina Olmedo.
260 ## - PUBLICACIÓN, DISTRIBUCIÓN, ETC.
Lugar de publicación, distribución, etc. México
Nombre del editor, distribuidor, etc. Museo de Arte Contemporáneo de Monterrey
Fecha de publicación, distribución, etc. 2013
300 ## - DESCRIPCIÓN FÍSICA
Extensión 218 p.
Otras características físicas il. a color
Dimensiones 28 cm.
500 ## - NOTA GENERAL
Nota general Incluye piezas de la colección Franz Mayer: p. 113, 114, 115, 116, 118, 121, 122, 123, 124 y 136
520 3# - SUMARIO, ETC.
Sumario, etc. Esta obra presenta el trabajo surrealista de cinco artistas -Alice Rahon, Leonora Carrington, Remedios Varo, José Horna y Wolfgang Paalen- que nos remiten a las tradiciones ancestrales mezcladas en un simbolismo sobrenatural y la razón
546 ## - NOTA DE LENGUA/LENGUAJE
Nota de lengua/lenguaje Texto en: español e inglés
650 14 - PUNTO DE ACCESO ADICIONAL DE MATERIA--TÉRMINO DE MATERIA
Término de materia o nombre geográfico como elemento de entrada Pintores
Subdivisión cronológica Siglo XX
Subdivisión geográfica México
9 (RLIN) 19589
650 14 - PUNTO DE ACCESO ADICIONAL DE MATERIA--TÉRMINO DE MATERIA
Término de materia o nombre geográfico como elemento de entrada Surrealismo
Subdivisión cronológica Siglo XX
Subdivisión geográfica México
9 (RLIN) 19590
650 14 - PUNTO DE ACCESO ADICIONAL DE MATERIA--TÉRMINO DE MATERIA
Término de materia o nombre geográfico como elemento de entrada Arte mexicano
Subdivisión cronológica Siglo XX
Subdivisión geográfica México
9 (RLIN) 19591
700 1# - PUNTO DE ACCESO ADICIONAL--NOMBRE DE PERSONA
Nombre de persona Ortega, Gonzalo
Término indicativo de función/relación coord.
9 (RLIN) 19592
700 1# - PUNTO DE ACCESO ADICIONAL--NOMBRE DE PERSONA
Nombre de persona Nonaka, Masayo
9 (RLIN) 19593
700 1# - PUNTO DE ACCESO ADICIONAL--NOMBRE DE PERSONA
Nombre de persona Olmedo, Guillermina
Término indicativo de función/relación tr.
9 (RLIN) 19594
942 ## - ELEMENTOS DE PUNTO DE ACCESO ADICIONAL (KOHA)
Fuente del sistema de clasificación o colocación Library of Congress Classification
Tipo de ítem Koha Libros
Holdings
Estado de retiro Estado de pérdida Estado dañado No para préstamo Localización permanente Ubicación/localización actual Fecha de adquisición Total de préstamos Signatura topográfica completa Código de barras Fecha visto por última vez Precio válido a partir de Tipo de ítem Koha
El ejemplar forma parte de la colección y puede ser consultado según las políticas vigentes.       Biblioteca del Museo Franz Mayer (Rogerio Casas-Alatriste) Biblioteca del Museo Franz Mayer (Rogerio Casas-Alatriste) 04/03/2014   N5198 .D36 2013 02790 22/03/2019 22/03/2019 Libros